header

Aids and accusation (Record no. 218105)

MARC details
000 -LEADER
fixed length control field 01418nam a2200361Ia 4500
082 04 - DEWEY DECIMAL CLASSIFICATION NUMBER
Classification number 306.4/61
100 1# - MAIN ENTRY--AUTHOR NAME
Personal name Farmer, Paul,
245 10 - TITLE STATEMENT
Title Aids and accusation
250 ## - EDITION STATEMENT
Edition statement Updated with a new preface.
260 ## - PUBLICATION, DISTRIBUTION, ETC. (IMPRINT)
Place of publication Berkeley :
Name of publisher University of CA Press,
Year of publication c2006.
300 ## - PHYSICAL DESCRIPTION
Number of Pages xxxii, 338 p.
490 1# - SERIES STATEMENT
Series statement Comparative studies of health systems and medical care
650 #0 - SUBJECT ADDED ENTRY--TOPICAL TERM
Topical Term AIDS (Disease)
Topical Term Medical anthropology
856 40 - ELECTRONIC LOCATION AND ACCESS
Uniform Resource Identifier http://site.ebrary.com/lib/rucke/Doc?id=10508834

No items available.

© 2026 Rongo University
Contact us: librarian | system librarian | Rongo university